01005nam a2200289 a 450000100060000000300080000600500170001400800410003102000150007203500190008704000270010604100080013308200240014110000300016524500810019525000130027626000460028930000340033550400390036965000350040865000440044365000240048770000380051194200120054999900170056195201370057870515BD-RjUL20211209082017.0170418s1979 caua b 001 0 eng  a0895170183 a(BD-RjUL)70729 aDLCcDLCdBD-RjULbeng aeng00a519.5223bMCS 19791 aMcClave, James T.915504110aStatistics for business and economics /cJames T. McClave, P. George Benson. aRev. ed. aSan Francisco :bDellen Pub. Co.,cc1979. axv, 667 p. :bill. ;c24 cm. aIncludes bibliographies and index. 0aCommercial statistics.9156558 0aEconomicsxStatistical methods.9130736 0aStatistics.91565591 aBenson, P. George,d1946-9156560 2ddccBK c70515d70515 00102ddc40718NFICaRUCLbRUCLcReadingd1985-10-30eAsia Foundationl0o519.5 MCS 1979r2017-04-18 00:00:00tC-1w2017-04-18yBK